Statistics for Countries Albert Einstein visited

Click here to take the quiz!

General Stats

  • This quiz has been taken 134 times
    (118 since last reset)
  • The average score is 8 of 11

Answer Stats

ContinentCountry% Correct
North AmericaUnited States of America
96%
EuropeFrance
93%
EuropeGermany
93%
AsiaChina
89%
AsiaJapan
83%
AfricaEgypt
73%
EuropeSpain
68%
EuropeSwitzerland
62%
AsiaIsrael
57%
AsiaSingapore
33%
AsiaSri Lanka
12%

Score Distribution

Percentile by Number Answered

Percent of People with Each Score

Your Score History

You have not taken this quiz since the last reset